000 00340nam a22001217a 4500
008 180423b xxu||||| |||| 00| 0 eng d
041 _aeng
080 _a043.3
100 _a0
101 _aSHKI-BA
245 _aImplementimi dhe Krahasimi i Politikave Grupore Lokale dhe ne Domen ne Sistemet Operative Windows
_cJahiu, M
942 _2udc
_cBK
999 _c45431
_d45431